000 00536cam a22002291 4500
001 sa 66006322
003 DLC
005 20260227112255.0
008 940805s1965 ii a 000 1 pano
010 _asa 66006322
025 _aPL480:I-Pu-730
035 _a(OCoLC)30890903
040 _aDLC
_cCU
_dCU
_dDLC
042 _apremarc
050 0 0 _aPK2658
_b.R8
100 0 _aRūpa Lāla.
245 1 0 _aWannagī.
260 _c1965.
300 _a71 p.
_bill.
_c23 cm.
500 _aIn Panjabi.
650 0 _aShort stories, Panjabi.
999 _c70464
_d70464